| 000 | 00440nam a22001817a 4500 | ||
|---|---|---|---|
| 999 |
_c523 _d523 |
||
| 003 | OSt | ||
| 005 | 20180820084229.0 | ||
| 008 | 180820b ||||| |||| 00| 0 eng d | ||
| 020 | _a189791329X | ||
| 040 | _cDLC | ||
| 082 |
_a823.91 _bJ124T |
||
| 100 | _aJackson, Bob | ||
| 245 |
_aTill the Fat Lady Sings _cBy Bob Jackson |
||
| 260 |
_aGreat Britain _bHighland Books _cc1996 |
||
| 300 | _a207 p.: | ||
| 650 | _aBible Story | ||
| 942 |
_2ddc _cBK |
||